| 000 | 00910nam a2200253Ia 4500 | ||
|---|---|---|---|
| 003 | GCL | ||
| 008 | 140319s9999 xx 000 0 ara d | ||
| 020 | _a5206174977 | ||
| 040 |
_aGCL / _cGCL |
||
| 082 | 0 | 4 |
_a001.42 _bع م |
| 100 | 1 | _aعبد الإله بنمليح | |
| 245 | 1 | 0 |
_aمناهج البحث فى الانسانيات والعلوم الاجتماعية : _bالبحث التاريخى أنموذجآ / _cعبد الإله بنمليح |
| 700 | 1 | _aمحمد إستيتو | |
| 250 | _aالاولى | ||
| 260 |
_aالقاهرة : _bرؤية للنشر والتوزيع ، _c2006 |
||
| 300 |
_a152 ص ؛ _c21 سم |
||
| 650 | 0 | 4 | _aطرق البحث |
| 650 | 0 | 4 | _aالبحوث |
| 650 | 0 | 4 | _aالمنهجية |
| 650 | 0 | 4 | _aخدمات المعلومات |
| 650 | 0 | 4 | _aالعلوم الاجتماعية - طرق البحث |
| 650 | 0 | 4 | _aالانسانيات - طرق بحث |
| 942 |
_2ddc _cBK |
||
| 999 |
_c9449 _d9449 |
||